| 000 | 00331nam a2200109Ia 4500 | ||
|---|---|---|---|
| 008 | 171211s9999 xx 000 0 und d | ||
| 245 | _aArsenio RodrÃguez and the Transnational Flows of Latin Popular Music | ||
| 245 | _cDavid F. Garcia | ||
| 260 | _c2006 | ||
| 650 | _xmusic | ||
| 856 | _uhttp://down.ebook777.com/062/1592133851.pdf | ||
| 999 |
_c348641 _d348641 |
||